Statistics for Famous Football Players Picture Quiz - Brazil

Click here to take the quiz!

General Stats

  • This quiz has been taken 858 times
    (563 since last reset)
  • The average score is 12 of 15

Answer Stats

Answer% Correct
Pelé
99%
Neymar Jr.
98%
Ronaldo
97%
Ronaldinho
96%
Kaká
91%
Thiago Silva
91%
Marcelo
90%
Richarlison
89%
Roberto Carlos
85%
Garrincha
70%
Rivaldo
69%
Dida
53%
Romario
53%
Zico
41%
Dunga
31%

Score Distribution

Percentile by Number Answered

Percent of People with Each Score

Your Score History

You have not taken this quiz since the last reset